000 00282nam a22001337a 4500
008 171019b xxu||||| |||| 00| 0 eng d
020 _a2900136058341
041 _aeng
080 _a338
100 _a53
101 _aMEN
245 _aMANAGEMENT
_cCAFFERKY,M.E
942 _2udc
_cBK
999 _c34939
_d34939